[Event "Sachsen-ch Seniors op"]
[White "Kretschmer, Wolfgang"]
[Black "Schneider, Alexander"]
[Site "Dresden"]
[Round "6"]
[Result "0-1"]
[Date "2016.11.05"]
[WhiteElo "1573"]
[BlackElo "2058"]
[PlyCount "62"]
[EventDate "2016.10.31"]
[EventType "swiss"]
[EventRounds "9"]
[EventCountry "GER"]
[SourceTitle "EXT 2019"]
[Source "ChessBase"]
[SourceDate "2018.10.10"]
[SourceVersion "1"]
[SourceVersionDate "2018.10.10"]
[SourceQuality "1"]

1. d4 Nf6 2. c4 g6 3. Nc3 Bg7 4. e4 d6 5. Nf3 0-0 6. Be2 Nbd7 7. 0-0 e5 8. d5 a5 9. Bg5 h6 10. Be3 Ng4 11. Qd2 Nxe3 12. Qxe3 Nc5 13. Ne1 f5 14. f3 f4 15. Qf2 g5 16. Kh1 Kh8 17. g4 fxg3 18. hxg3 Bh3 19. Rg1 g4 20. Qh2 gxf3 21. Qxh3 fxe2 22. Qg2 Rf1 23. Qxe2 Rxg1+ 24. Kxg1 Qg5 25. Kh2 Rf8 26. Nf3 Qg4 27. Kg2 Rf6 28. Rh1 Rg6 29. Rh3 Bf6 30. Qe3 Kg7 31. Nh4 Bxh4 0-1

[Event "Mittelfranken-chTB2b 1415"]
[White "Kretschmer, Wolfgang"]
[Black "Dietrich, Jochen"]
[Site "Mittelfranken"]
[Round "8.5"]
[Result "1/2-1/2"]
[Date "2015.03.22"]
[WhiteElo "1685"]
[BlackElo "1893"]
[PlyCount "35"]
[EventDate "2014.09.28"]
[EventType "team-tourn"]
[EventRounds "9"]
[EventCountry "GER"]
[SourceTitle "EXT 2020"]
[Source "ChessBase"]
[SourceDate "2019.10.17"]
[SourceVersion "1"]
[SourceVersionDate "2019.10.17"]
[SourceQuality "1"]
[WhiteTeam "Bubenreuth/Moehrendorf"]
[BlackTeam "Muehlhof/Schwabach"]
[WhiteTeamCountry "GER"]
[BlackTeamCountry "GER"]

1. c4 Nf6 2. Nc3 g6 3. g3 Bg7 4. Bg2 c6 5. d4 d6 6. Nf3 0-0 7. 0-0 Nbd7 8. e4 e5 9. d5 c5 10. Nd2 Ne8 11. f4 f5 12. exf5 Rxf5 13. Nde4 exf4 14. Bxf4 Ne5 15. b3 Rh5 16. Bf3 Rf5 17. Bg2 Rh5 18. Bf3 1/2-1/2

[Event "Mittelfranken-chTB2b 1314"]
[White "Meyer, Juergen1"]
[Black "Kretschmer, Wolfgang"]
[Site "Mittelfranken"]
[Round "8.6"]
[Result "1/2-1/2"]
[Date "2014.03.30"]
[WhiteElo "1735"]
[BlackElo "1685"]
[PlyCount "20"]
[EventDate "2013.10.20"]
[EventType "team-tourn"]
[EventRounds "9"]
[EventCountry "GER"]
[SourceTitle "EXT 2020"]
[Source "ChessBase"]
[SourceDate "2019.10.17"]
[SourceVersion "1"]
[SourceVersionDate "2019.10.17"]
[SourceQuality "1"]
[WhiteTeam "Uttenreuth"]
[BlackTeam "Bubenreuth/Moehrendorf"]
[WhiteTeamCountry "GER"]
[BlackTeamCountry "GER"]

1. d4 Nf6 2. Nf3 g6 3. e3 Bg7 4. c3 0-0 5. Be2 d5 6. 0-0 b6 7. b4 Nbd7 8. a4 c5 9. Ba3 c4 10. Nbd2 a6 1/2-1/2

[Event "Mittelfranken-chTB2b 1314"]
[White "Kretschmer, Wolfgang"]
[Black "Ruderer, Thomas"]
[Site "Mittelfranken"]
[Round "4.5"]
[Result "0-1"]
[Date "2014.01.12"]
[WhiteElo "1685"]
[BlackElo "1730"]
[PlyCount "120"]
[EventDate "2013.10.20"]
[EventType "team-tourn"]
[EventRounds "9"]
[EventCountry "GER"]
[SourceTitle "EXT 2020"]
[Source "ChessBase"]
[SourceDate "2019.10.17"]
[SourceVersion "1"]
[SourceVersionDate "2019.10.17"]
[SourceQuality "1"]
[WhiteTeam "Bubenreuth/Moehrendorf"]
[BlackTeam "Heideck/Hilpoltstein"]
[WhiteTeamCountry "GER"]
[BlackTeamCountry "GER"]

1. c4 e6 2. d4 d5 3. Nf3 Nf6 4. Nc3 Be7 5. g3 Nbd7 6. Bg2 0-0 7. 0-0 dxc4 8. Bg5 Nd5 9. Bxe7 Qxe7 10. Nd2 N7b6 11. a3 c6 12. Qc2 Qf6 13. e3 Nxc3 14. Qxc3 Re8 15. Nxc4 Nd5 16. Qc2 Qe7 17. b4 Bd7 18. Rac1 Rac8 19. e4 Nc7 20. e5 Red8 21. Nd6 Rb8 22. a4 Ne8 23. Nxe8 Bxe8 24. Qc3 a6 25. Rfd1 Rbc8 26. a5 f6 27. Qc5 Qc7 28. exf6 gxf6 29. Re1 Bf7 30. Rcd1 Rd6 31. f4 Rcd8 32. Rd2 Qd7 33. Red1 Qe8 34. Re1 Qf8 35. Bf3 Rxd4 36. Qxf8+ Kxf8 37. Rxd4 Rxd4 38. Re4 Rd3 39. Kf2 Rb3 40. Bd1 Rb2+ 41. Be2 Ke7 42. g4 Rc2 43. h3 h5 44. Kg3 Rc3+ 45. Kh4 hxg4 46. Bxg4 Rd3 47. Be2 Rd2 48. Bh5 Bxh5 49. Kxh5 f5 50. Rc4 Kf6 51. Kh4 e5 52. fxe5+ Kxe5 53. Kg5 Rg2+ 54. Kh6 Rh2 55. h4 f4 56. h5 f3 57. Kg6 Rg2+ 58. Kf7 f2 59. Rc1 Rg1 60. Rxg1 fxg1Q 0-1

[Event "GER HS-134 email"]
[White "Kretschmer, Wolfgang"]
[Black "Petzold, Gunter"]
[Site "GER email"]
[Round "?"]
[Result "0-1"]
[Date "2012.09.10"]
[WhiteElo "1723"]
[BlackElo "1742"]
[PlyCount "92"]
[EventDate "2012.09.14"]
[EventType "tourn (corr)"]
[EventRounds "6"]
[EventCountry "GER"]
[SourceTitle "Corr 2015"]
[Source "ChessBase"]
[SourceDate "2015.07.17"]
[SourceVersion "1"]
[SourceVersionDate "2015.07.17"]
[SourceQuality "1"]

1. Nf3 Nf6 2. b4 d5 3. Bb2 e6 4. a3 a5 5. b5 Nbd7 6. e3 Bd6 7. c4 0-0 8. d4 c5 9. Bd3 cxd4 10. exd4 dxc4 11. Bxc4 Nb6 12. Be2 Nfd5 13. 0-0 Qe7 14. Ne5 f6 15. Nc4 Bxh2+ 16. Kxh2 Nxc4 17. Bxc4 Qc7+ 18. Kg1 Qxc4 19. a4 Rd8 20. Qd2 b6 21. Rc1 Qb4 22. Nc3 Nxc3 23. Bxc3 Qd6 24. Qe3 Bb7 25. Bb2 Rac8 26. Re1 Kf7 27. Rad1 Qd5 28. f3 Rc4 29. Ra1 Rdc8 30. Rec1 Rc2 31. Rxc2 Rxc2 32. Bc3 Qb3 33. Bd2 Qb2 34. Re1 Bd5 35. Re2 Qa1+ 36. Be1 Rxe2 37. Qxe2 Qxa4 38. Bf2 Qb3 39. Be1 a4 40. Qd2 h5 41. Qb4 a3 42. Qd6 Qe3+ 43. Bf2 Qc1+ 44. Kh2 a2 45. Qd7+ Kg6 46. Qe8+ Kh7 0-1

[Event "GER HS-133 email"]
[White "Jansen, Uwe"]
[Black "Kretschmer, Wolfgang"]
[Site "GER email"]
[Round "?"]
[Result "1-0"]
[Date "2012.08.14"]
[WhiteElo "1855"]
[BlackElo "1766"]
[PlyCount "47"]
[EventDate "2012.08.21"]
[EventType "tourn (corr)"]
[EventRounds "6"]
[EventCountry "GER"]
[SourceTitle "Corr 2015"]
[Source "ChessBase"]
[SourceDate "2015.07.17"]
[SourceVersion "1"]
[SourceVersionDate "2015.07.17"]
[SourceQuality "1"]

1. e4 e5 2. Nf3 d6 3. d4 exd4 4. Nxd4 Nf6 5. Nc3 Be7 6. Be2 0-0 7. 0-0 Re8 8. Re1 Bf8 9. Bg5 c6 10. f3 Nbd7 11. Qd2 Ne5 12. Rad1 h6 13. Bh4 Ng6 14. Bf2 d5 15. exd5 Nxd5 16. Ne4 Ndf4 17. Bc4 Ne6 18. Qc3 Nxd4 19. Rxd4 Qc7 20. Nf6+ gxf6 21. Rxe8 Kg7 22. Rdd8 Be7 23. Rg8+ Kh7 24. Rde8 1-0

[Event "GER HS-133 email"]
[White "Mayer, Johann"]
[Black "Kretschmer, Wolfgang"]
[Site "GER email"]
[Round "?"]
[Result "1-0"]
[Date "2012.08.14"]
[WhiteElo "2024"]
[BlackElo "1766"]
[PlyCount "67"]
[EventDate "2012.08.21"]
[EventType "tourn (corr)"]
[EventRounds "6"]
[EventCountry "GER"]
[SourceTitle "Corr 2015"]
[Source "ChessBase"]
[SourceDate "2015.07.17"]
[SourceVersion "1"]
[SourceVersionDate "2015.07.17"]
[SourceQuality "1"]

1. e4 e5 2. Nf3 d6 3. d4 exd4 4. Nxd4 Nf6 5. Nc3 Be7 6. Be2 0-0 7. 0-0 Re8 8. f4 Bf8 9. Bf3 c5 10. Nb3 Nc6 11. Re1 c4 12. Nd4 d5 13. Nxc6 bxc6 14. e5 Bc5+ 15. Kh1 Nd7 16. Ne2 Nf8 17. b3 cxb3 18. axb3 f6 19. Bb2 fxe5 20. Bxe5 Ng6 21. Nd4 Bd7 22. c3 Qc8 23. b4 Bb6 24. b5 Ne7 25. bxc6 Bxc6 26. c4 Rd8 27. Bxg7 Bxd4 28. Bxd4 Nf5 29. cxd5 Bxd5 30. Re8+ Rxe8 31. Bxd5+ Kf8 32. Qh5 Qd7 33. Bc5+ Kg7 34. Qg4+ 1-0

[Event "GER HS-125 email"]
[White "Kretschmer, Wolfgang"]
[Black "Borkenhagen, Winfried"]
[Site "GER email"]
[Round "?"]
[Result "0-1"]
[Date "2012.04.30"]
[WhiteElo "1897"]
[BlackElo "1965"]
[PlyCount "82"]
[EventDate "2012.05.08"]
[EventType "tourn (corr)"]
[EventRounds "6"]
[EventCountry "GER"]
[SourceTitle "Corr 2015"]
[Source "ChessBase"]
[SourceDate "2015.07.17"]
[SourceVersion "1"]
[SourceVersionDate "2015.07.17"]
[SourceQuality "1"]

1. d4 Nf6 2. Nf3 d5 3. e3 c5 4. b3 cxd4 5. exd4 Nc6 6. Be2 Bf5 7. Nh4 Bd7 8. 0-0 g6 9. c3 Bg7 10. Nd2 Qc7 11. Bb2 0-0 12. Rc1 Bh6 13. Qc2 Rfc8 14. Bd3 Nxd4 15. cxd4 Qxc2 16. Rxc2 Rxc2 17. Bxc2 Rc8 18. Nc4 dxc4 19. bxc4 Bb5 20. Bb1 Bxc4 21. Re1 Nd5 22. Nf3 b5 23. Ne5 Bd2 24. Rd1 Bc3 25. Nxc4 bxc4 26. Ba3 Ba5 27. Rc1 Bd2 28. Rf1 c3 29. Bc2 Nf4 30. Bc5 e5 31. g3 exd4 32. gxf4 Rxc5 33. Rb1 d3 34. Bxd3 c2 35. Bxc2 Rxc2 36. Rb8+ Kg7 37. a4 Ra2 38. Rd8 Bxf4 39. Rd4 Bc7 40. Kf1 Bb6 41. Rf4 g5 0-1

[Event "GER HS-125 email"]
[White "Linke, Michael"]
[Black "Kretschmer, Wolfgang"]
[Site "GER email"]
[Round "?"]
[Result "1-0"]
[Date "2012.04.30"]
[WhiteElo "1936"]
[BlackElo "1897"]
[PlyCount "47"]
[EventDate "2012.05.08"]
[EventType "tourn (corr)"]
[EventRounds "6"]
[EventCountry "GER"]
[SourceTitle "Corr 2015"]
[Source "ChessBase"]
[SourceDate "2015.07.17"]
[SourceVersion "1"]
[SourceVersionDate "2015.07.17"]
[SourceQuality "1"]

1. e4 e5 2. Bc4 Nf6 3. d3 c6 4. Nf3 d5 5. Bb3 Bd6 6. exd5 cxd5 7. Bg5 Qa5+ 8. Nbd2 Nbd7 9. 0-0 0-0 10. Re1 Re8 11. Nf1 h6 12. Bh4 Qc7 13. Ne3 e4 14. Nxd5 Nxd5 15. Bxd5 Ne5 16. Nxe5 Bxe5 17. Bg3 Qa5 18. dxe4 Bxb2 19. Rb1 Be5 20. Re3 Rb8 21. Qh5 Qc7 22. Rf3 Bxg3 23. Rxf7 Bxf2+ 24. Kh1 1-0

[Event "Dresden ZMD op"]
[White "Kretschmer, Wolfgang"]
[Black "Koths, Peter"]
[Site "Dresden"]
[Round "8"]
[Result "0-1"]
[Date "2010.07.17"]
[WhiteElo "1966"]
[BlackElo "1931"]
[PlyCount "30"]
[EventDate "2010.07.10"]
[EventType "swiss"]
[EventRounds "9"]
[EventCountry "GER"]
[SourceTitle "CBM 137 Extra"]
[Source "ChessBase"]
[SourceDate "2010.09.01"]
[SourceVersion "1"]
[SourceVersionDate "2010.09.01"]
[SourceQuality "1"]

1. d4 Nf6 2. c4 e6 3. Nc3 d5 4. Bg5 Nbd7 5. e3 c6 6. Nf3 Qa5 7. Nd2 Bb4 8. Qc2 0-0 9. Nb3 Qc7 10. Be2 dxc4 11. Bxc4 e5 12. 0-0 exd4 13. Bf4 Bd6 14. Bxf7+ Rxf7 15. Nb5 cxb5 0-1

[Event "Nuremberg-ch op 06th"]
[White "Kretschmer, Wolfgang"]
[Black "Dreiseitel, Werner"]
[Site "Nuremberg"]
[Round "4.44"]
[Result "1/2-1/2"]
[Date "2006.06.04"]
[WhiteElo "1618"]
[BlackElo "1326"]
[PlyCount "24"]
[EventDate "2006.06.02"]
[EventType "swiss"]
[EventRounds "5"]
[EventCountry "GER"]
[SourceTitle "EXT 2007"]
[Source "ChessBase"]
[SourceDate "2006.11.23"]
[SourceVersion "1"]
[SourceVersionDate "2006.11.23"]
[SourceQuality "1"]

1. c4 c6 2. d4 d5 3. e3 e6 4. Nf3 Nf6 5. a3 Bd6 6. Bd3 dxc4 7. Bxc4 Qa5+ 8. Bd2 Qd8 9. Nc3 0-0 10. 0-0 Nbd7 11. b4 e5 12. dxe5 Nxe5 1/2-1/2

[Event "Nuremberg-ch op 06th"]
[White "Geiss, Manuel"]
[Black "Kretschmer, Wolfgang"]
[Site "Nuremberg"]
[Round "3.47"]
[Result "1/2-1/2"]
[Date "2006.06.03"]
[WhiteElo "1267"]
[BlackElo "1618"]
[PlyCount "53"]
[EventDate "2006.06.02"]
[EventType "swiss"]
[EventRounds "5"]
[EventCountry "GER"]
[SourceTitle "EXT 2007"]
[Source "ChessBase"]
[SourceDate "2006.11.23"]
[SourceVersion "1"]
[SourceVersionDate "2006.11.23"]
[SourceQuality "1"]

1. d4 Nf6 2. c4 e5 3. dxe5 Ng4 4. Nf3 Bb4+ 5. Bd2 Bxd2+ 6. Qxd2 Nc6 7. Qf4 d6 8. exd6 Qxd6 9. Qxd6 cxd6 10. Nc3 Be6 11. e3 0-0 12. Be2 Nge5 13. b3 Rfd8 14. Rd1 Rd7 15. 0-0 Rad8 16. e4 Nxf3+ 17. Bxf3 f5 18. Nd5 Ne5 19. Rfe1 Nxf3+ 20. gxf3 Kf7 21. Nf4 fxe4 22. Nxe6 Kxe6 23. Rxe4+ Kf7 24. Rd5 b6 25. Kf1 g6 26. Ke2 Re7 27. Ke3 1/2-1/2

[Event "Nuremberg-ch op 06th"]
[White "Kretschmer, Wolfgang"]
[Black "Gage, Daniel"]
[Site "Nuremberg"]
[Round "2.50"]
[Result "1/2-1/2"]
[Date "2006.06.03"]
[WhiteElo "1618"]
[BlackElo "1399"]
[PlyCount "182"]
[EventDate "2006.06.02"]
[EventType "swiss"]
[EventRounds "5"]
[EventCountry "GER"]
[SourceTitle "EXT 2007"]
[Source "ChessBase"]
[SourceDate "2006.11.23"]
[SourceVersion "1"]
[SourceVersionDate "2006.11.23"]
[SourceQuality "1"]

1. c4 c5 2. Nc3 Nc6 3. g3 b6 4. Bg2 Bb7 5. e3 Qc8 6. d3 Ne5 7. e4 Nf6 8. f4 Nc6 9. Nf3 d6 10. 0-0 g6 11. a3 Bg7 12. h3 0-0 13. Be3 Rd8 14. Nh4 e6 15. f5 Ne5 16. fxg6 fxg6 17. Bg5 Rf8 18. Qd2 Qd7 19. Rad1 Bc6 20. b3 a5 21. a4 Qb7 22. Qe3 Nfd7 23. Rxf8+ Rxf8 24. Be7 Rf7 25. Bxd6 Ng4 26. Qc1 Bd4+ 27. Kh1 Nf2+ 28. Kh2 Nxd1 29. Nxd1 Be5 30. Bxe5 Nxe5 31. Qe3 Qd7 32. Nf2 Qd4 33. Qxd4 cxd4 34. Ng4 Nxg4+ 35. hxg4 Rf2 36. Nf3 Bd7 37. Kg1 Rd2 38. Bf1 Rb2 39. Nxd4 e5 40. Nf3 Rxb3 41. Nxe5 Bxa4 42. Kf2 Be8 43. d4 a4 44. c5 Rb2+ 45. Ke3 a3 46. Bc4+ Kf8 47. c6 a2 48. Bxa2 Rxa2 49. d5 Ke7 50. Nc4 Kd8 51. Nxb6 Kc7 52. Nc4 Ra4 53. Nb2 Ra3+ 54. Nd3 g5 55. Kd4 Kd6 56. e5+ Kc7 57. Nb4 Kb6 58. e6 Ra4 59. Kc4 h6 60. Kb3 Ra8 61. Kc4 Rd8 62. Kd4 Kb5 63. e7 Rc8 64. Nd3 Rc7 65. Ne5 Rxe7 66. d6 Rxe5 67. d7 Kxc6 68. d8Q Re1 69. Qf6+ Kc7 70. Qxh6 Rd1+ 71. Ke5 Bc6 72. Qg7+ Rd7 73. Qf8 Rd8 74. Qa3 Re8+ 75. Kf6 Rd8 76. Qe7+ Rd7 77. Qa3 Rd5 78. Ke6 Rd8 79. Qa5+ Kc8 80. Qb6 Bd7+ 81. Ke7 Re8+ 82. Kf7 Re6 83. Qc5+ Rc6 84. Qxg5 Kc7 85. Qf4+ Kd8 86. g5 Be6+ 87. Kg7 Rc7+ 88. Kf6 Rf7+ 89. Ke5 Rxf4 90. gxf4 Ke7 91. f5 Bg8 1/2-1/2

[Event "Seebach op 16th"]
[White "Walch, Roger"]
[Black "Kretschmer, Wolfgang"]
[Site "Grossenseebach"]
[Round "5"]
[Result "0-1"]
[Date "2005.05.28"]
[WhiteElo "1368"]
[BlackElo "1675"]
[PlyCount "38"]
[EventDate "2005.05.26"]
[EventType "swiss"]
[EventRounds "7"]
[EventCountry "GER"]
[SourceTitle "EXT 2018"]
[Source "ChessBase"]
[SourceDate "2017.10.13"]
[SourceVersion "1"]
[SourceVersionDate "2017.10.13"]
[SourceQuality "1"]

1. e4 c5 2. Nf3 d6 3. d4 cxd4 4. Nxd4 Nf6 5. Nc3 a6 6. Bg5 e6 7. Qd2 Be7 8. Be2 b5 9. a3 Bb7 10. f3 Qb6 11. Be3 Qc7 12. 0-0 0-0 13. Na2 d5 14. e5 Nfd7 15. f4 Nc6 16. c3 Nc5 17. Qe1 Nxd4 18. cxd4 Nb3 19. Nc1 Nxa1 0-1

[Event "Nuremberg-ch op 05th"]
[White "Narr, Irmgard"]
[Black "Kretschmer, Wolfgang"]
[Site "Nuremberg"]
[Round "2"]
[Result "0-1"]
[Date "2005.05.07"]
[WhiteElo "1466"]
[BlackElo "1682"]
[PlyCount "148"]
[EventDate "2005.05.06"]
[EventType "swiss"]
[EventRounds "5"]
[EventCountry "GER"]
[SourceTitle "EXT 2007"]
[Source "ChessBase"]
[SourceDate "2006.11.23"]
[SourceVersion "1"]
[SourceVersionDate "2006.11.23"]
[SourceQuality "1"]

1. e4 c5 2. Nf3 d6 3. d4 cxd4 4. Nxd4 Nf6 5. Nc3 a6 6. Be3 e5 7. Nf3 b5 8. Bd3 Bb7 9. Bg5 Be7 10. Bxf6 Bxf6 11. 0-0 Nd7 12. Re1 Nb6 13. b3 0-0 14. Ne2 d5 15. Ng3 Rc8 16. Qe2 Re8 17. h3 Qc7 18. Nh5 Bd8 19. Rac1 d4 20. Nh2 f6 21. Qf3 Rf8 22. Ng3 g6 23. Qg4 Qd7 24. Qd1 Qc6 25. h4 f5 26. h5 f4 27. Ngf1 Bg5 28. Nf3 Qf6 29. hxg6 hxg6 30. N1h2 Nd7 31. Ng4 Qe7 32. Qd2 Kg7 33. c3 dxc3 34. Rxc3 Rxc3 35. Qxc3 Rc8 36. Qb2 Bf6 37. b4 Qe6 38. Nxf6 Kxf6 39. a3 g5 40. Rc1 Nb6 41. Rxc8 Nxc8 42. Nd2 g4 43. Nb3 Qd6 44. Nc5 Ba8 45. Qe2 Kg5 46. g3 f3 47. Qa2 Qg6 48. Qd2+ Kh5 49. Qc3 Qd6 50. Qb3 Qg6 51. a4 Nd6 52. Nxa6 Bxe4 53. Nc5 Bxd3 54. Nxd3 bxa4 55. Qd5 Nf7 56. b5 Ng5 57. Kf1 a3 58. Ne1 Qe4 59. Qxe4 Nxe4 60. Nc2 a2 61. b6 Nc5 62. Ke1 Kg5 63. Kd1 e4 64. Kd2 Kf5 65. Kc3 Ke5 66. Kb2 Na4+ 67. Kxa2 Nxb6 68. Kb3 Nd5 69. Ne1 e3 70. Nd3+ Kd4 71. Kc2 Nb4+ 72. Nxb4 exf2 73. Kd2 f1Q 74. Nc6+ Ke4 0-1

[Event "Nuremberg-ch op 04th"]
[White "Bildt, Thomas"]
[Black "Kretschmer, Wolfgang"]
[Site "Nuremberg"]
[Round "5"]
[Result "1-0"]
[Date "2004.05.23"]
[WhiteElo "2094"]
[BlackElo "1757"]
[PlyCount "120"]
[EventDate "2004.05.21"]
[EventType "swiss"]
[EventRounds "5"]
[EventCountry "GER"]
[SourceTitle "EXT 2006"]
[Source "ChessBase"]
[SourceDate "2005.11.24"]
[SourceVersion "1"]
[SourceVersionDate "2005.11.24"]
[SourceQuality "1"]

1. e4 c5 2. Bc4 e6 3. Nc3 Nc6 4. f4 a6 5. a4 Nge7 6. e5 d5 7. exd6 Qxd6 8. d3 Nf5 9. Ne4 Qc7 10. Ne2 b6 11. 0-0 Bb7 12. N2g3 Nxg3 13. Nxg3 g6 14. Qe1 0-0-0 15. Bd2 Bg7 16. Bc3 Nd4 17. Rf2 Bh6 18. Bxd4 cxd4 19. Ne2 e5 20. Qf1 e4 21. Qe1 e3 22. Rf1 Bg7 23. c3 dxc3 24. Nxc3 Qc6 25. Qe2 Bxc3 26. bxc3 b5 27. axb5 axb5 28. Bxf7 Rxd3 29. c4 Rd2 30. Qg4+ Kb8 31. Bd5 Qc5 32. Rfe1 Bxd5 33. cxd5 Qxd5 34. f5 Rf8 35. Rxe3 Qxf5 36. Qg3+ Qf4 37. Rf3 Qxg3 38. Rxf8+ Kb7 39. hxg3 Kb6 40. Rf7 Rd3 41. Kh2 h5 42. Rf6+ Kc5 43. Rxg6 Kc4 44. Rg5 b4 45. Rxh5 b3 46. Rb1 Rd6 47. Rh8 Rb6 48. Rc8+ Kb4 49. g4 Ka3 50. Ra8+ Kb4 51. g5 Kc3 52. Rc8+ Kd4 53. g6 Rxg6 54. Rxb3 Rh6+ 55. Rh3 Rg6 56. Re8 Rg5 57. g3 Ra5 58. Rh4+ Kd3 59. g4 Ra2+ 60. Kg3 Kd4 1-0

[Event "Nuremberg-ch op 04th"]
[White "Kretschmer, Wolfgang"]
[Black "Woerl, Richard"]
[Site "Nuremberg"]
[Round "2"]
[Result "0-1"]
[Date "2004.05.22"]
[WhiteElo "1757"]
[BlackElo "2075"]
[PlyCount "94"]
[EventDate "2004.05.21"]
[EventType "swiss"]
[EventRounds "5"]
[EventCountry "GER"]
[SourceTitle "EXT 2006"]
[Source "ChessBase"]
[SourceDate "2005.11.24"]
[SourceVersion "1"]
[SourceVersionDate "2005.11.24"]
[SourceQuality "1"]

1. c4 Nf6 2. Nc3 c6 3. e3 e5 4. a3 Be7 5. g3 0-0 6. Bg2 d6 7. Nge2 Be6 8. d3 Qd7 9. 0-0 Bh3 10. b4 Bxg2 11. Kxg2 d5 12. f3 dxc4 13. dxc4 Qe6 14. c5 a5 15. Bb2 Na6 16. Na2 Nd5 17. Qc1 axb4 18. e4 Nc3 19. Naxc3 bxc3 20. Qxc3 f6 21. a4 Nxc5 22. a5 Rfd8 23. Rfd1 Qb3 24. Rxd8+ Rxd8 25. Rc1 Qxc3 26. Bxc3 Kf7 27. Rb1 Rd7 28. h4 Ne6 29. f4 Nd4 30. Kf1 Nb5 31. Be1 Rd3 32. Bf2 Rd2 33. Be1 Ra2 34. fxe5 fxe5 35. Rd1 Ke6 36. h5 Rc2 37. g4 g6 38. hxg6 hxg6 39. Rd2 Rc4 40. Ng3 Bb4 41. Rd1 Bxe1 42. Kxe1 Ra4 43. Kf2 Rxa5 44. Rh1 Ra2+ 45. Ke3 Nc3 46. Rh6 Nd1+ 47. Kf3 Rf2# 0-1